|
|
|
|
| LEADER |
00703nam a2200193Ia 4500 |
| 001 |
153362 |
| 008 |
170722s9999 xx 000 0 und d |
| 020 |
|
|
|a 812641474X
|
| 100 |
|
|
|a Wells, H. G.
|
| 245 |
|
|
|a Adrushyanaya manushyan /
|
| 260 |
|
|
|a Kottayam :
|b DCB ,
|c 2007.
|
| 300 |
|
|
|a 102 p.
|
| 653 |
|
|
|a Drama
|
| 653 |
|
|
|a English Literature
|
| 923 |
|
|
|d 20070925
|n 000184
|
| 942 |
|
|
|c GEN
|
| 999 |
|
|
|c 135958
|d 135958
|
| 952 |
|
|
|0 0
|1 0
|4 0
|6 O_3M66I_32P7
|7 0
|8 CR
|9 191779
|a LIB
|b LIB
|d 2013-03-25
|e D C Books
|o O-,3M66,I 32P7
|p 265870
|r 2017-12-07
|v 40.00
|w 2017-08-12
|y GEN
|
| 952 |
|
|
|0 0
|1 0
|4 0
|6 O_3M66I_32P7
|7 0
|9 191780
|a LIB
|b LIB
|d 2013-03-25
|e D C Books
|l 7
|o O-,3M66,I 32P7
|p 265871
|r 2019-10-05
|s 2019-09-16
|v 40.00
|w 2017-08-12
|y GEN
|